00430 2200169 4500001002100000008004100021035002000062245003600082100002100118250000900139260002800148300002100176020002200197084001400219082000800233990001900241INLIS000000000000556 Ind  a0010-0124000454 aDAMN IT'S YOUcPelangi Tri Saki aPelangi Tri Saki ake-1 aGramediabJakartac2016 a232 hlmc20 cm ; a978-602-03-3661-9 a813 PEL d a813 a045387/CA/2021